जीवनगंगा (Record no. 430645)

MARC details
000 -LEADER
fixed length control field 00477nam a2200157Ia 4500
008 - FIXED-LENGTH DATA ELEMENTS--GENERAL INFORMATION
fixed length control field 100122s9999 xx 000 0 und d
082 ## - DEWEY DECIMAL CLASSIFICATION NUMBER
Item number 53639
Classification number 922.945
100 ## - MAIN ENTRY--PERSONAL NAME
Personal name उमदीकर भाऊराव
245 ## - TITLE STATEMENT
Title जीवनगंगा
260 ## - PUBLICATION, DISTRIBUTION, ETC. (IMPRINT)
Name of publisher, distributor, etc सदानंद आरोसकर
Date of publication, distribution, etc 1997
300 ## - PHYSICAL DESCRIPTION
Extent 133
630 ## - SUBJECT ADDED ENTRY--UNIFORM TITLE
Uniform title जीवनगंगा
700 ## - ADDED ENTRY--PERSONAL NAME
Personal name देशपांडे म श्री
730 ## - ADDED ENTRY--UNIFORM TITLE
Uniform title जीवनगंगा
942 ## - ADDED ENTRY ELEMENTS (KOHA)
Koha item type Book
Holdings
Withdrawn status Lost status Damaged status Not for loan Home library Current library Date acquired Cost, normal purchase price Total Checkouts Full call number Barcode Date last seen Cost, replacement price Price effective from Koha item type Public note
        S.V. Pathak Library, Vile Parle S.V. Pathak Library, Vile Parle 08/25/1997 70.00   53639 SVPPARLE-53639 01/25/2010 70.00 01/25/2010 Book 4)किंमत वसुल General Lost